Welcome to CU Library Online Public Access Catalogue (OPAC)

Evolution : (Record no. 2116)

MARC details
000 -LEADER
fixed length control field 00566cam a2200205 i 4500
001 - CONTROL NUMBER
control field 4138534
005 - DATE AND TIME OF LATEST TRANSACTION
control field 20241212142459.0
008 - FIXED-LENGTH DATA ELEMENTS--GENERAL INFORMATION
fixed length control field 770602s1978 moua b 001 0 eng
020 ## - INTERNATIONAL STANDARD BOOK NUMBER
International Standard Book Number 0801612993
050 00 - LIBRARY OF CONGRESS CALL NUMBER
Classification number QH366.2
Item number .D54 1978
082 00 - DEWEY DECIMAL CLASSIFICATION NUMBER
Classification number 575
100 1# - MAIN ENTRY--PERSONAL NAME
Personal name Dillon, Lawrence S.
245 10 - TITLE STATEMENT
Title Evolution :
Remainder of title concepts and consequences /
Statement of responsibility, etc. Lawrence S. Dillon.
250 ## - EDITION STATEMENT
Edition statement 2d ed.
260 ## - PUBLICATION, DISTRIBUTION, ETC.
Place of publication, distribution, etc. St. Louis :
Name of publisher, distributor, etc. Mosby,
Date of publication, distribution, etc. 1978.
300 ## - PHYSICAL DESCRIPTION
Extent x, 504 p. :
Other physical details ill. ;
Dimensions 26 cm.
500 ## - GENERAL NOTE
General note Includes index.
650 #0 - SUBJECT ADDED ENTRY--TOPICAL TERM
Topical term or geographic name entry element Evolution (Biology)
942 ## - ADDED ENTRY ELEMENTS (KOHA)
Source of classification or shelving scheme Library of Congress Classification
Koha item type Books
Edition 2nd ed.
Suppress in OPAC No
999 ## -
-- 2116
-- 2116
Holdings
Withdrawn status Lost status Source of classification or shelving scheme Damaged status Not for loan Collection Home library Current library Shelving location Date acquired Total checkouts Full call number Barcode Date last seen Copy number Price effective from Koha item type
    Library of Congress Classification     Non-fiction Science Library (Miotso) Science Library (Miotso) General stacks 12/12/2024   QH366.2 .D54 DIL SLM00001280 12/12/2024 1 12/12/2024 Books
© 2023-2024 Copyright: Central University Libraries. All Rights Reserved | Created by: Mahone Tech Office